LEADER 01338nam a2200301 a 4500 001 000000138322 003 CaOOAMICUS 005 20140512142638.0 008 140512s2014 it u000 u ita r 020 $a978-88-598-1014-8 040 $aPUL$bita 082 04$a344.4501 245 00$aDiritto e processo del lavoro e della previdenza sociale :$bprivato e pubblico /$ca cura di Giuseppe Santoro Passarelli. 260 $aTorino :$bUTET Giuridica,$c©2014. 300 $aLXIV, 3123 p. ;$c25 cm 490 1 $aOmnia. Trattati giuridici 504 $aBibliografia in nota. 650 4$aDiritto del lavoro$zItalia.$0(OLS)http://pul/subject/2593 700 1 $aSantoro-Passarelli, Giuseppe.$0(OLS)http://pul/name/66503 830 0$aOmnia. Trattati giuridici.$0(OLS)http://pul/title/175093 850 $aPUL 852 $aPUL$W1$xDP2 Diritto e Scienze Sociali 3$y110$m344. 4501 SANGI 1$j159533$qDDC 21$B159068$CPULBib$Z2$F159068 $H123926 $82 941 1 $a9 996 $6020$a978-88-598-1014-8$9(OLS)http://pul/number/155169 996 $6082$a344.4501$9(OLS)http://pul/classification/1851 996 $6245$aDiritto e processo del lavoro e della previdenza sociale :$bprivato e pubblico$9(OLS)http://pul/title/175092 996 $6260$aTorino :$bUTET Giuridica$9(OLS)http://pul/publisher/79191 LEADER 01421nam a2200325 a 4500 001 000000168375 003 CaOOAMICUS 005 20180619114352.0 008 180619s2018 vc u000 u ita r 020 $a978-88-465-1219-2* 032 $aLibriCat 040 $aPUL$bita 082 04$a230 100 1 $aCantalamessa, Raniero,$cO.F.M.Cap.$0(OLS)http://pul/name/9381 245 13$aIl Crocifisso risorto e la "sapienza" del mondo /$cRaniero Catalamessa [sic], Enrico Dal Covolo. 260 $aCittą del Vaticano :$bLateran University Press,$c©2018. 300 $a27 p. ;$c21 cm. 490 1 $aLe lanterne ;$v24 504 $aBibliografia in nota. 650 4$aPasqua$xMeditazioni.$0(OLS)http://pul/subject/45497 700 1 $aDal Covolo, Enrico,$cSDB, vescovo,$d1950-$0(OLS)http://pul/name/6077 830 3$aLe lanterne (Lateran University Press) ;$v24.$0(OLS)http://pul/title/161006 850 $aPUL 852 $aPUL$W1$xSL Religione 3$y85$m230 COLL 6.24$j191873$qDDC 21$B196276$CPULBib$Z2$F196276 $H131063 $81 941 1 $a9 996 $6020$a978-88-465-1219-2* $9(OLS)http://pul/number/164388 996 $6082$a230$9(OLS)http://pul/classification/368 996 $6245$aIl Crocifisso risorto e la "sapienza" del mondo$9(OLS)http://pul/title/208711 996 $6260$aCittą del Vaticano :$bLateran University Press$9(OLS)http://pul/publisher/74585